Most Famous Artworks - Statistics

General Stats
  • This quiz has been taken 93 times
  • The average score is 10 of 40
Answer Stats
Picture Answer % Correct
Mona Lisa
99%
Starry Night
99%
The Scream
94%
The Kiss
69%
The Last Supper
63%
Birth of Venus
59%
American Gothic
50%
Girl with a Pearl Earring
46%
Irises
36%
Self Portrait with Thorn Necklace and Hummingbird
31%
Guernica
30%
The Garden of Earthly Delights
27%
The Night Watch
27%
Nighthawks
26%
Ophelia
26%
School of Athens
26%
Liberty Leading the People
24%
The Persistence of Memory
23%
A Sunday Afternoon on the Island of La Grande Jette
20%
Washington Crossing the Delaware
16%
The Great Wave off Kanagawa
13%
Arnolfini Portrait
10%
Primavera
10%
Son of Man
9%
Number 5
6%
Hunters in the Snow
4%
Napolean Crossing the Alps
4%
A Bar at the Folies-Bergere
1%
American Progress
1%
Composition 8
1%
Dancers in Blue
1%
Lady of Shalott
1%
Alaskan Waterfall
0%
Concentric Circles
0%
Man with the Golden Helmet
0%
Saturn Devouring One of his Sons
0%
The Cafe Terrace on the Place du Forum
0%
Vase with 14 sunflowers
0%
Water Lily Pond
0%
When Will You Marry
0%
No matching quizzes found
Score Distribution
Percent of People with Each Score
Percentile by Number Answered
Your Score History
You have not taken this quiz